| Tag |
First Indicator |
Second Indicator |
Subfields |
| LEADER |
00000cam a2200000Ia 4500 |
| 001 |
in00000006656 |
| 005 |
20150930070013.0 |
| 007 |
he bmb024bbca |
| 008 |
990923s1999 oruab bb f000 0 eng d |
| 035 |
|
|
|a (OCoLC)ocm42438298
|
| 035 |
|
|
|9 AJK6726AM
|
| 040 |
|
|
|a GPO
|c GPO
|d TXA
|d UtOrBLW
|
| 043 |
|
|
|a n-us-or
|
| 049 |
|
|
|a TXAM
|
| 074 |
|
|
|a 0083-B (MF)
|
| 086 |
0 |
|
|a A 13.78:PNW-RP-518
|
| 100 |
1 |
|
|a Zheng, Daolan.
|
| 245 |
1 |
0 |
|a Changes in the non-federal land base involving forestry in western Oregon, 1961-94 /
|c Daolan Zheng and Ralph J Alig.
|
| 246 |
2 |
|
|a Changes in the non federal land base involving forestry in western Oregon, 1961-94
|
| 264 |
|
1 |
|a Portland, Or. (333 S.W. First Ave., P.O. Box 3890, Portland 97208-3890) :
|b U.S. Dept. of Agriculture, Forest Service, Pacific Northwest Research Station,
|c [1999]
|
| 300 |
|
|
|a 22 pages :
|b illustrations, maps ;
|c 28 cm.
|
| 336 |
|
|
|a text
|b txt
|2 rdacontent
|
| 337 |
|
|
|a microform
|b h
|2 rdamedia
|
| 338 |
|
|
|a microfiche
|b he
|2 rdacarrier
|
| 490 |
1 |
|
|a Research paper PNW ;
|v RP-518
|
| 500 |
|
|
|a Cover title.
|
| 500 |
|
|
|a Shipping list number: 99-0805-M.
|
| 500 |
|
|
|a "July 1999."
|
| 500 |
|
|
|a Shipping List #: 99-0905-M
|
| 500 |
|
|
|a Shipping List Date: 10/08/99
|
| 504 |
|
|
|a Includes bibliographical references (pages 18-20).
|
| 533 |
|
|
|a Microfiche.
|b [Washington, D.C.] :
|c Supt. of Docs., U.S. G.P.O.,
|d 1999
|e 1 microfiche : negative.
|
| 500 |
|
|
|a Microform.
|
| 650 |
|
0 |
|a Forests and forestry
|z Oregon.
|
| 650 |
|
0 |
|a Forest landowners
|z Oregon.
|
| 700 |
1 |
|
|a Alig, Ralph J.
|
| 710 |
2 |
|
|a Pacific Northwest Research Station (Portland, Or.)
|
| 830 |
|
0 |
|a Research paper PNW ;
|v 518.
|
| 994 |
|
|
|a E0
|b TXA
|
| 999 |
|
|
|a MARS
|
| 999 |
f |
f |
|s 6b946f09-80ef-3548-8f08-ca368c06b3fb
|i d79f08f4-092e-3627-8a96-6225bb225cfc
|t 0
|
| 952 |
f |
f |
|p normal
|a Texas A&M University
|b College Station
|c Sterling C. Evans Library
|d Evans: US Documents (Annex 5th floor)
|t 0
|e A 13.78:PNW-RP-518
|h Superintendent of Documents classification
|i microform -- microfiche
|m A14827027436
|
| 952 |
f |
f |
|p normal
|a Texas A&M University
|b College Station
|c Sterling C. Evans Library
|d Evans: US Documents Microfiche (3rd floor)
|t 0
|e A 13.78:PNW-RP-518
|h Superintendent of Documents classification
|i microform -- microfiche
|m A14825841680
|
| 998 |
f |
f |
|a A 13.78:PNW-RP-518
|t 0
|l Evans: US Documents (Annex 5th floor)
|
| 998 |
f |
f |
|a A 13.78:PNW-RP-518
|t 0
|l Evans: US Documents Microfiche (3rd floor)
|